Cargando...
South looks at its past /
| Autor Principal: | |
|---|---|
| Outros autores: | |
| Formato: | Printed Book |
| Idioma: | English |
| Publicado: |
New York:
Russell & Russell,
1971.
|
| LEADER | 00486nam a2200133Ia 4500 | ||
|---|---|---|---|
| 008 | 121027s9999 xx 000 0 eng d | ||
| 082 | |a 980.03 |b KEN/S | ||
| 100 | |a Kendrick, Benjamin Burks | ||
| 245 | |a South looks at its past / | ||
| 260 | |a New York: |b Russell & Russell, |c 1971. | ||
| 500 | |a Secondary Collection | ||
| 700 | |a Arnett, Alex Mathews | ||
| 999 | |c 66430 |d 66430 | ||
| 952 | |0 0 |1 0 |4 0 |6 980_030000000000000_KEN_S |7 0 |9 66407 |a UL |b UL |c ST2 |d 2012-10-27 |l 0 |o 980.03 KEN/S |p G5278 |r 2012-10-27 |w 2012-10-27 |y BK | ||